Culture générale - numéro 16 - Statistiques

Statistiques générales
  • Ce quiz a été pris 172 fois
  • Le résultat moyen est 9 sur 15
Statistiques - réponses
Question Réponse % Correct
Quel personnage de publicité est chauve avec une boucle d'oreille dorée? Mr Propre
89%
Quel fleuve sépare en partie l'Allemagne de la France? Le Rhin
88%
Quel nom est donné au corps militaire de l'ONU? Casques bleus
79%
Comment dit-on "veste" en anglais? Jacket
78%
Qui est le concurrent principal d'Airbus? Boeing
77%
Le Transsibérien relie Vladivostok à quelle ville? Moscou
66%
Dans quel pays a été inventé le piano? Italie
62%
A quel partie d'un animal correspondent les rognons? Reins
61%
En quelle année en France l'Église se sépare t'elle de l'État? 1905
58%
Quel est le seul mammifère volant? Chauve-souris
52%
Quel est le plus grand festival de Bretagne? Les Vieilles charrues
49%
Dans quel pays se trouve la région de bohême? Tchéquie
41%
Quel est le nom donné à un monument funéraire de grandes dimensions? Mausolée
35%
Quel somme obtient t'on en additionnant toutes les valeurs monétaires en euro? 888,88€
32%
Quel nom anglophone est donné aux Îles Malouines? Îles Falkland
17%
Aucun quiz correspondant
Distribution des résultats
% des personnes avec chaque résultat
Percentile par nombre de réponses
Votre historique - résultats
Vous n’avez pas pris ce quiz